| 000 | 00792nam a2200253Ia 4500 | ||
|---|---|---|---|
| 005 | 20260429112135.0 | ||
| 008 | 260429s9999||||xx |||||||||||||| ||und|| | ||
| 020 | _a9781032435381 | ||
| 041 | _aEnglish | ||
| 082 |
_a338.2 _bKAR |
||
| 100 | _aKarim, Samsul Ariffin Abdul | ||
| 245 | 0 |
_aAdvanced materials towards energy sustainability : _btheory and implementations / _cSamsul Ariffin Abdul Karim |
|
| 250 | _a1st ed. | ||
| 260 |
_aBoca Raton : _bCRC Press, _c2024. |
||
| 300 | _axiii, 198 p.; pbk | ||
| 440 | _aUrbanization, industrialization, and the environment | ||
| 650 | _a Green products | ||
| 650 | _a Renewable energy | ||
| 650 | _a Technologies innovations | ||
| 650 | _aMaterials | ||
| 700 | _a Puspitasari, Poppy | ||
| 700 | _aWaisundara, Viduranga | ||
| 942 | _cTB | ||
| 999 |
_c52556 _d52556 |
||